Manuel L. Quezon / (Record no. 292234)
[ view plain ]
| 000 -LEADER | |
|---|---|
| fixed length control field | 00678nam a2200253Ia 4500 |
| 008 - FIXED-LENGTH DATA ELEMENTS--GENERAL INFORMATION | |
| fixed length control field | 160319s9999 xx 000 0 und d |
| 020 ## - INTERNATIONAL STANDARD BOOK NUMBER | |
| International Standard Book Number | 9716300298 |
| 050 ## - LIBRARY OF CONGRESS CALL NUMBER | |
| Classification number | 920 |
| 050 ## - LIBRARY OF CONGRESS CALL NUMBER | |
| Item number | Q8m 1995 |
| 100 ## - MAIN ENTRY--PERSONAL NAME | |
| Personal name | Quirino, Carlos |
| 245 ## - TITLE STATEMENT | |
| Title | Manuel L. Quezon / |
| 245 ## - TITLE STATEMENT | |
| Statement of responsibility, etc | Carlos Quirino. |
| 260 ## - PUBLICATION, DISTRIBUTION, ETC. (IMPRINT) | |
| Place of publication, distribution, etc | Manila : |
| 260 ## - PUBLICATION, DISTRIBUTION, ETC. (IMPRINT) | |
| Name of publisher, distributor, etc | Tahanan Books for Young Readers |
| 260 ## - PUBLICATION, DISTRIBUTION, ETC. (IMPRINT) | |
| Date of publication, distribution, etc | 1995 |
| 300 ## - PHYSICAL DESCRIPTION | |
| Extent | 31 pages : |
| 300 ## - PHYSICAL DESCRIPTION | |
| Other physical details | illustrations : |
| 300 ## - PHYSICAL DESCRIPTION | |
| Dimensions | 26 cm. |
| 440 ## - SERIES STATEMENT/ADDED ENTRY--TITLE | |
| Title | Great lives ; [v.9] |
| 650 ## - SUBJECT ADDED ENTRY--TOPICAL TERM | |
| Topical term or geographic name as entry element | Presidents -- Philippines -- Biography -- |
| 650 ## - SUBJECT ADDED ENTRY--TOPICAL TERM | |
| Topical term or geographic name as entry element | Quezon, Manuel Luis, 1878-1944 -- |
| 650 ## - SUBJECT ADDED ENTRY--TOPICAL TERM | |
| General subdivision | Juvenile literature. |
| 650 ## - SUBJECT ADDED ENTRY--TOPICAL TERM | |
| General subdivision | Juvenile literature. |
| Withdrawn status | Lost status | Damaged status | Home library | Current library | Shelving location | Date acquired | Total Checkouts | Full call number | Barcode | Date last seen | Price effective from | Koha item type |
|---|---|---|---|---|---|---|---|---|---|---|---|---|
| Stonyhurst Southville International School (Batangas) | Stonyhurst Southville International School (Batangas) | Filipiniana Section | 03/19/2016 | Fil 920 Q8m 1995 | LS 1137 | 03/19/2016 | 03/19/2016 | Books |